| 000 | 00525nam a22001577a 4500 | ||
|---|---|---|---|
| 005 | 20250223102309.0 | ||
| 008 | 250223b |||||||| |||| 00| 0 eng d | ||
| 020 | _a9780071421799 | ||
| 050 | _aRJ48.2 MEY | ||
| 100 | _aMeyer, George Keith | ||
| 245 |
_aLast Minute Pediatrics/ _ba concise review for the specialty boards _cGeorge Keith Meyer & Patricia A. DeLaMora |
||
| 260 |
_aNew York _bMcGraw-Hill Medical Publishing Division _c2004 |
||
| 300 |
_axi. 420p. _c23.5cm |
||
| 700 | _aDeLaMora, Patricia A. | ||
| 942 |
_2lcc _cBK _n0 |
||
| 999 |
_c4165 _d4165 |
||